Lana Del Rey- Blue Banisters - Statistics

General Stats
  • This quiz has been taken 173 times
  • The average score is 241 of 357
Answer Stats
Lyrics % Correct
a
97%
"A
97%
the
96%
The
96%
me
95%
I
94%
on
93%
be
91%
banisters
90%
banisters,
90%
blue
90%
Blue
90%
there?"
90%
There
90%
you
90%
"You
90%
You
90%
heal
89%
my
89%
My
89%
There's
89%
there's
89%
and
88%
And
88%
Said,
88%
said,
88%
said
88%
Said
88%
picture
87%
pain
86%
to
86%
To
86%
in
85%
In
85%
with
84%
With
84%
John
83%
"How
82%
Oklahoma
82%
wall
82%
We
82%
by
81%
men
81%
ooh
81%
Ooh-
81%
ooh-
81%
get
80%
hell
80%
Of
80%
of
80%
paint
80%
paint,
80%
who
80%
did
79%
don't
79%
Oh,
79%
(Oh-
79%
oh)
79%
oh-
79%
oh,
79%
oh
79%
that
79%
Jenny
78%
She
78%
can
77%
when
76%
beer
74%
it
74%
too
74%
was
74%
come
73%
happy,
73%
happy"
73%
poetry
73%
man
72%
where
72%
pool
71%
Russian
71%
women
71%
can't
70%
handed
69%
if
69%
Nikki
69%
every
68%
Every
68%
were
68%
it's
67%
It's
67%
May
66%
"Most
66%
scared
66%
away
65%
green
65%
into
65%
Lane
65%
place
65%
remember"
65%
swimmin'
65%
woman
65%
he'd
64%
take
64%
legacy
63%
asked
62%
dresser
62%
flowers
62%
from
62%
grey
62%
grey,
62%
jumped
62%
pages
62%
want
62%
All
61%
back
61%
Give
61%
Just
61%
that's
61%
they're
61%
They're
61%
help
60%
Sittin'
60%
'Cause
59%
'cause
59%
Deere
59%
children,
57%
muse
57%
met
56%
blacken
55%
dry
55%
fix
54%
here
53%
weather
53%
heart
52%
real
50%
He's
49%
he's
49%
I'm
49%
hole
48%
not
48%
right
48%
try
48%
smokin'
46%
Convincin'
45%
good
45%
past
45%
job
44%
age"
43%
sisters
43%
I'd
41%
power
41%
rain
41%
still
41%
would
41%
doin'
40%
three
40%
nights,
39%
touch
39%
wish
39%
Mm-
38%
mm,
38%
mm
38%
us
38%
darkest
37%
enough
36%
Santa
36%
shinin'
36%
Fires
35%
heat
35%
Now
35%
now
35%
thing
35%
Clarita
34%
anything
32%
lightning,
32%
one
32%
turns
32%
way
32%
weathervane
32%
Except
31%
Summer
31%
baby
30%
absolutely
29%
cake
29%
diamonds,
29%
are
28%
comes,
28%
goes
28%
But
27%
rust,
27%
washes
27%
winter
27%
birthday
26%
makin'
24%
Spring,
24%
okay,
23%
ah-
22%
ah
22%
bring
22%
writin'
22%
Chucky's
20%
Tex
20%
runnin',
19%
time
19%
God
18%
Heaven
18%
knows
18%
bare
17%
feet,
17%
skip,
15%
Bay
14%
Chickens
13%
fly
12%
Mex
12%
sleep,
12%
No matching quizzes found
Score Distribution
Percent of People with Each Score
Percentile by Number Answered
Your Score History
You have not taken this quiz